000 00483nam a22001697a 4500
005 20251108171739.0
008 250721s1998 xx 000 0 ara d
082 1 4 _a001.6424/برم
100 1 _aسلامة، حسين
245 1 0 _aالبرمجة بلغة C ++ , C /
264 1 _aعمان :
_bدار صفاء للنشر و التوزيع،
_c1998.
300 _a346ص
650 1 7 _aلغات البرمجة
650 1 7 _aالحواسيب
942 _2ddc
_cBK
999 _c61493
_d61493